Countries With Highest Amount Of Waterways - Statistics

General Stats
  • This quiz has been taken 30 times
  • The average score is 10 of 15
Answer Stats
Km Country % Correct
110,000 China
100%
41,009 USA
100%
50,000 Brazil
93%
14,500 India
93%
102,000 Russia
89%
11,000 Argentina
79%
21,579 Indonesia
75%
24,725 Colombia
71%
8,808 Peru
71%
47,130 Vietnam
61%
10,000 Bolivia
57%
12,800 Myanmar
46%
8,600 Nigeria
25%
11,000 Papua New Guinea
14%
15,000 Democratic Republc Of The Congo
0%
No matching quizzes found
Score Distribution
Percent of People with Each Score
Percentile by Number Answered
Your Score History
You have not taken this quiz